Top Cities In Europe - Statistics

General Stats
  • This quiz has been taken 67 times
  • The average score is 9 of 15
Answer Stats
Score City % Correct
87.16 Rome
95%
85.19 Paris
93%
85.29 Madrid
90%
86.31 Barcelona
88%
84.86 Prague
77%
86.13 Lisbon
72%
84.54 Budapest
68%
85.16 Edinburgh
58%
87.09 Istanbul
55%
88.29 Florence
48%
86.36 Seville
40%
86.30 Krakow
33%
86.42 Porto
30%
85.75 San Sebastian
5%
85.81 Siena
3%
No matching quizzes found
Score Distribution
Percent of People with Each Score
Percentile by Number Answered
Your Score History
You have not taken this quiz